000 00409nam a2200157Ia 4500
008 210716s1994 xx 000 0 und d
020 _a0256125848
041 _aeng
082 _a657.3 BERL
100 _aBernstein, Leopold A; Maksy, Mostafa M.
245 _aCases in financial statement reporting and analysis.
250 _a1
260 _aBoston
_bIrwin
_c1994
300 _axxii,570
650 _aNone
999 _c198687
_d198687